[Event "Ponts U14 Lleida-ch"]
[Site "Ponts"]
[Date "2013.01.26"]
[Round "1.1"]
[White "Cosialls Ris, Ramon"]
[Black "Camats Felip, Guillem"]
[Result "1-0"]
[WhiteElo "1633"]
[BlackElo "1700"]
[PlyCount "41"]
[EventDate "2013.01.26"]
[EventType "swiss"]
[EventRounds "6"]
[EventCountry "ESP"]
[SourceTitle "EXT 2024"]
[Source "ChessBase"]
[SourceDate "2023.10.10"]
[SourceVersion "1"]
[SourceVersionDate "2023.10.10"]
[SourceQuality "1"]

1. e4 e5 2. Nf3 Nf6 3. Nc3 Bb4 4. Bc4 d6 5. Na4 Nxe4 6. c3 Bc5 7. 0-0 Be6 8. Bxe6 fxe6 9. d3 Nf6 10. Nxc5 dxc5 11. Nxe5 Qd5 12. Bf4 g6 13. Nf3 Ng4 14. Bxc7 Na6 15. Qa4+ Kf8 16. Be5 Rg8 17. Rad1 b6 18. Qxa6 Re8 19. Qxa7 Re7 20. Qb8+ Kf7 21. Ng5# 1-0